Normal view
MARC view
- Amir Ali
Entry Personal Name
001 - CONTROL NUMBER
- control field: 98347
003 - CONTROL NUMBER IDENTIFIER
- control field: NUST
005 - DATE AND TIME OF LATEST TRANSACTION
- control field: 20220823122540.0
008 - FIXED-LENGTH DATA ELEMENTS
- fixed length control field: 220823|| aca||aabn | a|a d
040 ## - CATALOGING SOURCE
- Original cataloging agency: NUST
- Transcribing agency: NUST
100 ## - HEADING--PERSONAL NAME
- Personal name: Amir Ali
670 ## - SOURCE DATA FOUND
- Source citation: Work cat.: (NUST)13386: Amir Ali, Generic access rights delegation framework for collaborative environment, 2015
